The Chronicles of Narnia - Main Characters - Statistics

General Stats
  • This quiz has been taken 131 times
  • The average score is 11 of 16
Answer Stats
Hint Answer % Correct
First one Through the Wardrobe Lucy
98%
The Oldest of the main 4 children Peter
98%
Narnia's version of Jesus Christ Aslan
97%
Second on Through the Wardrobe Edmund
97%
Got a Bow and Arrow from Santa Susan
97%
The King of Narnia (In 3 books) Caspian
82%
"------- Clarence Scrubb" Eustace
71%
First Person met from Narnia in book 1 Mr. Tumnus
70%
Main character from Magicians Nephew Digory
64%
Jade White Witch
61%
Sidekick in The Magicians Nephew Polly
56%
Bad Dwarf from book 2 Nikabrik
53%
Good Dwarf from book 2 Trumpkin
51%
The Boy Shasta
48%
The Horse Bree
46%
Uncle of Professor Kirke Andrew
44%
No matching quizzes found
Score Distribution
Percent of People with Each Score
Percentile by Number Answered
Your Score History
You have not taken this quiz